000 00322nam a22001337a 4500
008 170516b xxu||||| |||| 00| 0 eng d
020 _a9780765610089
041 _aeng
080 _22ND
_a94 (6)
100 _a16
101 _aSHH
245 _aTHE WORLD AND A VERY SMALL PLACE IN AFRICA
_cWRIGHT, D.R
942 _2udc
_cBK
999 _c13333
_d13333